L'annuncio cristiano nella societá europea contemporanea

Gespeichert in:
Bibliographische Detailangaben
Körperschaft: Congesso Canonistico (VerfasserIn)
Format: Buch
Sprache:Italienisch
Veröffentlicht: Ciudad del Vaticano Editrice Vaticana 1987
Schriftenreihe:Studi Giuridici XVI
Schlagworte:
Tags: Tag hinzufügen
Keine Tags, Fügen Sie den ersten Tag hinzu!

MARC

LEADER 00000nam a2200000 a 4500
001 UCR7264
003 CL-VaPUC
005 20221115074623.0
008 980514e19870000vc 1 ita d
082 0 4 |a 261  |b CON  |2 21 
110 2 |a Congesso Canonistico  |e author  |9 618950 
245 1 2 |a L'annuncio cristiano nella societá europea contemporanea 
260 |a Ciudad del Vaticano  |b Editrice Vaticana  |c 1987 
300 |a 192 p 
490 0 |a Studi Giuridici XVI 
583 |a last modification  |c 19980514 00:00:00  |k Rodrigo Vera 
650 0 7 |a IGLESIA Y SOCIEDAD  |2 CL-VaPUC  |9 399674 
650 0 0 |a Educación religiosa   |9 308312 
650 0 0 |a Catequesis  |9 314526 
650 0 0 |a Congresos  |9 257560 
942 |c BK 
945 |a mvenant  |d 19980514 00:00:00 
546 |a En Italiano 
536 |a Associazione Canonistica Italiana 
518 |p Congresso Canonistico, 18, Reggio Calabria, septiembre 1986 
999 |c 383175  |d 383173 
952 |0 0  |1 0  |4 0  |6 261_000000000000000_CON_1987  |7 0  |8 A  |9 505220  |a BIBDER  |b BIBDER  |d 2020-01-23  |i 3424898  |o 261 CON 1987  |p 3424898  |r 2023-01-25  |w 2020-01-23  |y BK  |k DER